01199nmm a2200325 a 4500003000900000005001700009008004100026020001800067040001300085110010800098245004300206250001200249260007500261300001100336500019100347650001500538650001100553650002300564650002200587650001500609650002400624650002100648653003100669653002900700653002800729653003100757653002900788653003200817653002400849AR-BaBNM20251128205134.0241020s1996 ||||||||||||||000 | spa|| a950-00-0066-0 cAR-BaBNM1 aArgentinabMinisterio de Cultura y EducaciónbSecretaría de Programación y Evaluación Educativa10aLos CBC en la escuelabprimer ciclo. 1 a1ª ed. aBuenos AiresbMinisterio de Cultura y Educación de la Naciónc1996 a185 p. aPersonas responsables de la elaboración de los CBC: Lic. Susana Decibe, Dr. Manuel García Sola, Lic. Inés Aguerrondo, Lic. Hilda Lanza, Lic. Lucrecia Tulic, Dra. Cecilia Braslavsky 4aMATEMATICA 4aLENGUA 4aCIENCIAS NATURALES 4aCIENCIAS SOCIALES 4aTECNOLOGIA 4aEDUCACION ARTISTICA 4aEDUCACION FISICA aCONTENIDOS BASICOS COMUNES aEDUCACION GENERAL BASICA aCONTENIDOS CONCEPTUALES aCONTENIDOS PROCEDIMENTALES aCONTENIDOS ACTITUDINALES aFORMACION ETICA Y CIUDADANA aUNIDADES DIDACTICAS